Report of the Committee on Archival Legislation, December 1960 (Record no. 489553)

000 -LEADER
fixed length control field 00507cam a22001457a 4500
008 - FIXED-LENGTH DATA ELEMENTS--GENERAL INFORMATION
fixed length control field 180718b1960 xxu||||| |||| 00| 0 eng d
082 ## - DEWEY DECIMAL CLASSIFICATION NUMBER
Classification number I5603x54 In2c
100 ## - MAIN ENTRY--PERSONAL NAME
Personal name India. Committee on Archival Legislation
245 ## - TITLE STATEMENT
Title Report of the Committee on Archival Legislation, December 1960
Statement of responsibility, etc. by National Archives of India
260 ## - PUBLICATION, DISTRIBUTION, ETC.
Place of publication, distribution, etc. New Delhi
Name of publisher, distributor, etc. National Archives of India
Date of publication, distribution, etc. 1960
300 ## - PHYSICAL DESCRIPTION
Extent 143+p.
500 ## - GENERAL NOTE
General note Chairman: Tara Chand
700 ## - ADDED ENTRY--PERSONAL NAME
Personal name National Archives of India
700 ## - ADDED ENTRY--PERSONAL NAME
Personal name Tara Chand (Chairman)
Holdings
Withdrawn status Lost status Damaged status Not for loan Permanent Location Current Location Date acquired Full call number Barcode Date last seen Price effective from Koha item type
        Indian Institute of Public Administration Indian Institute of Public Administration 2018-08-04 I5603x54 In2c GG5217 2018-08-04 2018-08-04 GG

Powered by Koha